Normal view
MARC view
Entry Personal Name
001 - CONTROL NUMBER
- control field: 85539
003 - CONTROL NUMBER IDENTIFIER
- control field: dpl
005 - DATE AND TIME OF LATEST TRANSACTION
- control field: 20251028114754.0
008 - FIXED-LENGTH DATA ELEMENTS
- fixed length control field: 251028|| aca||aabn | a|a d
040 ## - CATALOGING SOURCE
- Original cataloging agency: dpl
- Transcribing agency: dpl
100 ## - HEADING--PERSONAL NAME
- Personal name: Sharma, A.K
670 ## - SOURCE DATA FOUND
- Source citation: Work cat.: (dpl)213675: Sharma, A.K., Vinesh Objective Physics/, 2025
